100 Nine Letter Cities - Around The World - Statistics

General Stats
  • This quiz has been taken 32 times
  • The average score is 58 of 100
Answer Stats
Hint Answer % Correct
The capital city of Romania is Bucharest
100%
Formerly known as Saigon Ho Chi Minh
100%
The capital city of Iceland is Reykjavik
100%
One of the most bicycle-friendly large cities in the world is given a nickname of "Venice of the North" Amsterdam
97%
... is is the capital city of Scotland Edinburgh
97%
... is the capital city of Nepal Kathmandu
97%
North Korea's capital city is Pyongyang
97%
The location of the busiest airport in Sweden, Arlanda airport Stockholm
97%
1992 Summer Olympic was held at .... , Spain Barcelona
93%
On August 6, 1945, the United States Army Air Forces (USAAF) dropped the atomic bomb "Little Boy" on this Japanese city, along with Nagasaki three days later Hiroshima
93%
Karachi was a capital city in Pakistan, it's replaced by Islamabad
93%
The fourth oldest city in West Asia is considered holy to the three major Abrahamic religions Jerusalem
93%
.... is the capital city of Somalia Mogadishu
93%
Cambodia's capital city is Phnom Penh
93%
... is a British Overseas Territory and city located at the southern tip of the Iberian Peninsula Gibraltar
90%
The second-largest city in the Netherlands has the Europe's largest seaport Rotterdam
90%
This mexican city is also one of the kind of dogs Chihuahua
87%
The largest city in Ecuador and also the nation's economic capital and main port Guayaquil
87%
1954 Commonwealth Games, 2015 FIFA Women's World Cup, and 2010 Winter Olympics and Paralympics were held in ..., British Columbia province Vancouver
87%
The capital and largest city in Laos Vientiane
87%
The most populous city in Maryland state is an anglicization of Baile an Tí Mhóir, meaning "town of the big house" in Irish Baltimore
83%
This city has the famous University in England which was established in 1209 and located 89 km away from London Cambridge
83%
"The Forest City" is the nickname for this second-most populous city in Ohio state Cleveland
83%
The fifth largest city in Germany has the busiest airport in the country Frankfurt
83%
Ménara International Airport is located at the fourth-largest city in Morocco Marrakesh
83%
From 1946 to 1992, the city in Montenegro was named Titograd Podgorica
83%
The largest city in the Benin is Cotonou, where as the capital city of the country is Portonovo
83%
This Russian city is formerly known as Tsaritsyn (1589–1925) and Stalingrad (1925–1961) Volgograd
83%
The birthplace of the famous Chinese actor, Donnie Yen Guangzhou
80%
Albert Park Circuit serves Formula One Australian Grand Prix from 1996 Melbourne
80%
Mercedes and Porsche have their main Headquarters at Stuttgart
80%
Known as "Silicon Valley of India", this city is the third most populous in India Bengaluru / Bangalore
77%
Miami Brasileira (Brazilian Miami) is the nickname for this 4th largest city in Brazil which in Portuguese language means Fortress Fortaleza
77%
In 2023, the FIA Formula E World Championship was held for the first time in India in this city, which shares the name in Pakistan Hyderabad
77%
It is the country's cultural, educational, economic, political and administrative center, as well capital city of Slovenia Ljubljana
77%
Jiangbei Airport was the 4th busiest airport in terms of passenger traffic in mainland China in 2021, this airport is located at Chongqing
73%
This japanese city was a site of major nuclear accident in 2011 Fukushima
73%
"Manchester of the East" is a nickname for this fifth largest city in India Ahmedabad
70%
The fourth-most populous city in Nigeria is located in close proximity to the Benin River Benin City
70%
Historically known as Ragusa, ..... is a city in southern Dalmatia, Croatia, by the Adriatic Sea. It is one of the most prominent tourist destinations in the Mediterranean Sea Dubrovnik
70%
The largest city and the administrative capital of the island of Crete is the fourth largest city in Greece Heraklion
70%
This Austrian city held Winter Olympic twice in 1964 and 1976 Innsbruck
70%
Two EPL Club based in this city, they are Everton and Liverpool Liverpool
70%
Stephen Curry, a famous NBA player and long-time member of the Golden State Warrior was born in Akron, Ohio, and grew up in .... , North Carolina Charlotte
67%
It is Queensland's second-largest city after Brisbane, as well as Australia's sixth-largest city Gold Coast
67%
The capital city of Saint Vincent and the Grenadines is Kingstown
67%
This 13th most populous in the United Kingdom has its professional football club win English Premier League title in 2016 Leicester
67%
The latest capital city of Myanmar is also the third largest city in the country Naypyidaw
67%
... is the economic capital, largest city and main port of Burundi Bujumbura
63%
Texas Motor Speedway serves NASCAR racing and Indycar racing which located at Fort Worth
63%
Giannis Antetokounmpo is a ..... Bucks player who win his NBA title in 2021 Milwaukee
63%
Palau's capital city is Ngerulmud
63%
.... is the second-largest city in the German state of Bavaria, and the 14th-largest city in Germany Nuremberg
63%
Currently this is the largest city in Bolivia Santa Cruz
63%
The second Formula One race in Southeast Asia and also the first night Formula One race in 2008 Singapore
63%
The second largest city in Venezuela is nicknamed "The Beloved Land of the Sun" (Spanish: La Tierra del Sol Amada) Maracaibo
60%
AT&T Stadium is located at .... , Texas which will host the most matches during the 2026 FIFA World Cup Arlington
57%
Scenes of Gemini Man (2019) movie are taken in one of the major ports on the northern coast of Colombia in the Caribbean Coast Region, along the Caribbean Sea Cartagena
57%
This Kentucky state city is known as the "Horse Capital of the World" due to the hundreds of horse farms in the region Lexington
57%
It is the largest settlement in South Yorkshire and the third largest of Northern England Sheffield
57%
... is the fourth largest city in Romania Constanța
53%
.... is the most populous city in the autonomous community of the Canary Islands, and the ninth-largest city in Spain Las Palmas
53%
... is the third largest city in Uzbekistan Samarkand
53%
.... is a seaside town in Lancashire, England. It is located on the Irish Sea coast of the Fylde peninsula, approximately 43 km north of Liverpool Blackpool
50%
Taiwan's third most populous city and largest city in southern Taiwan is given nickname of The Harbor City Kaohsiung
50%
The second largest city in Thailand is 700 km away from Bangkok Chiang Mai
47%
It is the ninth-largest city and the second largest metropolitan area and a major business and industrial hub in North America Monterrey
47%
Located in the westernmost part of Turkey's Southeastern Anatolia Region and partially in the Mediterranean Region and 97 km north of Aleppo, Syria Gaziantep
43%
The second largest city in the Democratic Republic of Congo is formerly known as Bakwanga Mbuji-Mayi
43%
The capital of Henan province, China lies on the southern bank of the Yellow River Zhengzhou
43%
It is one of the biggest cities in Northeast China, along with Shenyang, Dalian and Harbin and the capital and largest city of Jilin Province in China Changchun
37%
Musi river is located at this capital city of South Sumatra province, Indonesia Palembang
37%
This Chinese city is named after the mythical land depicted in the 1933 novel Lost Horizon and located at Yunnan province Shangri-La
37%
Formerly known as Panowa which means Yellow Flower, .... is a city, fishing port, tourism centre, and district headquarters in south-eastern Bangladesh Cox's Bazar
33%
This city is the birthplace of former AKB48 idol member, Yuki Kashiwagi, former Japanese drifter, Masao Suenaga, and former Japanese national football team player, Yasuhito Endo Kagoshima
33%
in 1793, this city was built as a fortress by the Cossacks, and became a trading center for southern Russia, as well the 13th most populous city in Russia in 2021 Krasnodar
33%
This city in Philipines is given a nickname of City of Flowers Zamboanga
33%
Suzuki, Yamaha, and Enkei have their Headquarters at Hamamatsu
30%
The birthplace of Nissan group founder, Yoshisuke Aikawa Yamaguchi
30%
... is is the capital city of Ehime Prefecture, on the island of Shikoku, in Japan and is also Shikoku's largest city Matsuyama
27%
Sultan Syarif Kasim II International Airport is located at this capital city of Riau province, Indonesia Pekanbaru
27%
You can find Stonehenge, a UNESCO World Heritage Site at Salisbury
27%
Mikhail Gorbachev spent several years working in the city known as Voroshilovsk from 1935 until 1943 Stavropol
27%
The sixth largest city in Thailand is a major official and commercial center in northern Isan, Thailand, and the gateway to Laos, northern Vietnam, and southern China Udon Thani
27%
... is the capital city of East Kalimantan that lies on the banks of the Mahakam River Samarinda
23%
The capital and largest city in the province of Aceh, Indonesia is Banda Aceh
20%
The first season of Formula E championship held its first race in Southeast Asia, which located at .... , Malaysia Putrajaya
20%
This city is the birthplace of the former Indonesian president, Joko Widodo and his son who currently serves as the Vice president of Indonesia Surakarta
20%
The birthplace of two-time WRC champion in 2022 and 2023 from Finland, Kalle Rovanperä Jyväskylä
13%
On June 27th, 1994, this japanese city was the site of sarin attack by members of the Aum Shinrikyo doomsday cult Matsumoto
7%
This Philipines city shares its name with one of the cities in Argentina Santa Rosa
7%
.... is a capital city of Kagawa Prefecture, Japan Takamatsu
7%
An Indonesian primary airport is located in .... , Banten province Tangerang
7%
Located in the south of the Pearl River Delta in Guangdong province, China, this city was formerly known as Xiangshan until 1925 Zhongshan
7%
The birthplace of Japanese racer and also a Japanese drifter, Manabu Orido Funabashi
3%
... is the 13th most populous city in Brazil and nicknamed as Cidade Progresso (Progress City) Guarulhos
3%
This japanese city in Okayama Prefecture has a North Korean school Kurashiki
3%
... is a coastal town and the capital of the Indonesian province of West Papua Manokwari
3%
Taken from local Javanese pronunciation of the Javanese words "Maja" and "Karta", this city is located 40 km southwest of Surabaya Mojokerto
3%
Rena Matsui, the former SKE48 member and Sakon Yamamoto, the former Japanese F1 driver are born in this Aichi prefecture city Toyohashi
3%
No matching quizzes found
Score Distribution
Percent of People with Each Score
Percentile by Number Answered
Your Score History
You have not taken this quiz